000 00986nam a22002657a 4500
005 20250903143347.0
010 _aB-770055-070 ENG-146685 BACEN25
020 _a9788126911806
_c995.00
035 _aB-770055-070
035 _aEN-130217
037 _bAtlantic publishers
037 _bDBAD
_aDPL
082 _a181.46
100 _aSharma, G. Ranjit
_984610
245 _aThe idealistic philosophy of swami vivekananda /
_cby G. Ranjit Sharma
246 _b
260 _bAtlantic Publishers
_aNew Delhi
_c2025
270 _bNew Delhi
_a7/22, Ansari road,Daryaganj
_e110002
300 _a181p..
_c24cm(Hb)
500 _aIncludes bibliographical references
650 _aPhilosophy
_984611
650 _aIdeology
_984612
942 _2ddc
_cEN
_h181.46
_mSHA
999 _c209564
_d209564